<?xml version="1.0" encoding="UTF-8"?><?xml-stylesheet type="text/xsl" href="static/style.xsl"?><OAI-PMH xmlns="http://www.openarchives.org/OAI/2.0/" xmlns:xsi="http://www.w3.org/2001/XMLSchema-instance" xsi:schemaLocation="http://www.openarchives.org/OAI/2.0/ http://www.openarchives.org/OAI/2.0/OAI-PMH.xsd"><responseDate>2026-06-07T23:46:41Z</responseDate><request verb="GetRecord" identifier="oai:docta.ucm.es:20.500.14352/14093" metadataPrefix="marc">https://docta.ucm.es/rest/oai/request</request><GetRecord><record><header><identifier>oai:docta.ucm.es:20.500.14352/14093</identifier><datestamp>2023-07-13T02:33:22Z</datestamp><setSpec>com_20.500.14352_14</setSpec><setSpec>col_20.500.14352_21</setSpec></header><metadata><record xmlns="http://www.loc.gov/MARC21/slim" xmlns:dcterms="http://purl.org/dc/terms/" xmlns:xsi="http://www.w3.org/2001/XMLSchema-instance" xmlns:doc="http://www.lyncode.com/xoai" xsi:schemaLocation="http://www.loc.gov/MARC21/slim http://www.loc.gov/standards/marcxml/schema/MARC21slim.xsd">
   <leader>00925njm 22002777a 4500</leader>
   <datafield ind2=" " ind1=" " tag="042">
      <subfield code="a">dc</subfield>
   </datafield>
   <datafield ind2=" " ind1=" " tag="720">
      <subfield code="a">Arizaga Castro, Álvaro R.</subfield>
      <subfield code="e">author</subfield>
   </datafield>
   <datafield ind2=" " ind1=" " tag="720">
      <subfield code="a">González Díaz, Paulo</subfield>
      <subfield code="e">author</subfield>
   </datafield>
   <datafield ind2=" " ind1=" " tag="260">
      <subfield code="c">2018</subfield>
   </datafield>
   <datafield ind2=" " ind1=" " tag="520">
      <subfield code="a">La conservación-restauración científica de bienes culturales nace en un momento relativamente reciente, buscando diferenciarse ante todo de los oficios de “restauración tradicional”. Este desajuste entre profesiones y disciplinas científicas puede provocar, y de hecho provoca, que la artesanía tradicional pase en ocasiones de ser considerada “patrimonio inmaterial” a ser considerada “competencia desleal”. En Galicia la cantería en granito es seguramente el ejemplo más evidente de este hecho, por la existencia de una fuerte tradición que se manifiesta en la excepcional Escuela de Cantería de la Diputación de Pontevedra.
Las administraciones deben mejorar las indefiniciones educativas, establecer las competencias profesionales y establecer un código de buenas prácticas sin perder de vista el objetivo último, el propio patrimonio cultural, tangible e intangible. Este artículo pretende explicar las peculiaridades de la cantería tradicional con respecto
a otras profesiones del patrimonio a través del caso concreto de Galicia y la provincia de Pontevedra.</subfield>
   </datafield>
   <datafield ind2=" " ind1=" " tag="520">
      <subfield code="a">Cultural Heritage conservation-restoration was born recently, looking to stress above all the diferences with “traditional restoration” crats. his bad adjustment between professions and scientiic subjects may imply, and in fact implies, that traditional crafts and artistry are sometimes being considered “unfair competition” instead of “intangible heritage”. Galician stonemason tradition is probably the most important evidence of this, because of its important presence in this territory, whose main symbol is the exceptional Stonemason’s School, linked to the regional
institution Deputación de Pontevedra. All administrations should look for and ater the main objective, material and intangible cultural heritage, trying to improve education regulations, professional competences and stabilishing a “code of good practices” around heritage. In sumary, this article tries to explain the special characteristics of stone masonry in comparison with other heritage professions, looking speciically at the situation in Northwestern Iberia, Galicia and Pontevedra province.</subfield>
   </datafield>
   <datafield ind1="8" ind2=" " tag="024">
      <subfield code="a">978-84-09-04731-4</subfield>
   </datafield>
   <datafield ind1="8" ind2=" " tag="024">
      <subfield code="a">https://hdl.handle.net/20.500.14352/14093</subfield>
   </datafield>
   <datafield ind1="8" ind2=" " tag="024">
      <subfield code="a">https://asociacion-acre.org/publicaciones/publicacion-monografica-las-profesiones-del-patrimonio-cultural/</subfield>
   </datafield>
   <datafield ind1="8" ind2=" " tag="024">
      <subfield code="a">https://eprints.ucm.es/id/eprint/63886/</subfield>
   </datafield>
   <datafield ind2="0" ind1="0" tag="245">
      <subfield code="a">Cantería, restauración y patrimonio intangible: una relación compleja</subfield>
   </datafield>
</record></metadata></record></GetRecord></OAI-PMH>